Ley No 17.288 de monumentos nacionales y normas relacionadas 2004
Збережено в:
| Співавтор: | |
|---|---|
| Формат: | Книга |
| Мова: | Іспанська |
| Опубліковано: |
Santiago
Ministerio de Educación
2003
|
| Редагування: | 1a. ed |
| Предмети: | |
| Теги: |
Додати тег
Немає тегів, Будьте першим, хто поставить тег для цього запису!
|
MARC
| LEADER | 00000cam a2200000 a 4500 | ||
|---|---|---|---|
| 001 | UCD5291 | ||
| 003 | CL-VaPUC | ||
| 008 | 160819e20030000cl |||||||||||||||||spa|d | ||
| 020 | |a 9567953120 | ||
| 082 | 0 | 4 | |a 344.094 |b CON |2 21 |
| 110 | 2 | |a Consejo de Monumentos Nacionales |e author |9 589056 | |
| 245 | 1 | 0 | |a Ley No 17.288 de monumentos nacionales y normas relacionadas 2004 |
| 250 | |a 1a. ed | ||
| 300 | |a 95 p | ||
| 942 | |c BK | ||
| 945 | |d 20160819 12:52:00 |a arojas | ||
| 260 | |a Santiago |b Ministerio de Educación |c 2003 | ||
| 650 | 0 | |a Monumentos nacionales |9 384334 | |
| 650 | 0 | |a Derecho público |9 255910 | |
| 650 | 7 | |a LEGISLACION |2 CL-VaPUC |9 589057 | |
| 650 | 7 | |a PRESERVACION DE LOS MONUMENTOS |2 CL-VaPUC |9 346946 | |
| 650 | 0 | |a Monumentos históricos |9 308710 | |
| 651 | 7 | |a CHILE |2 CL-VaPUC |9 589058 | |
| 583 | |a last modification |c 20160902 09:57:42 |k Rodrigo Vera | ||
| 999 | |c 366010 |d 366008 | ||
| 952 | |0 0 |1 0 |3 erb |4 0 |6 344_094000000000000_CON_2003 |7 0 |8 A |9 480012 |a BIBHIS |b BIBHIS |i 5338522 |o 344.094 CON 2003 |p 5338522 |r 2025-01-20 |w 2019-11-24 |y BK |z Catalogado en:20160819 |k HIS | ||